| 000 | 00428pab a2200181 454500 | ||
|---|---|---|---|
| 008 | 180718b2001 xxu||||| |||| 00| 0 eng d | ||
| 100 | _aPriya, Ritu | ||
| 245 | _aThe two faces of public health | ||
| 260 | _c2001 | ||
| 300 | _ap.10 | ||
| 362 | _a5 Apr | ||
| 650 | _aBureaucracy - India | ||
| 650 | _aHealth services - India | ||
| 650 | _aHealth policy | ||
| 650 | _aHealth services | ||
| 773 | _aHindu | ||
| 909 | _a49515 | ||
| 999 |
_c49515 _d49515 |
||